| 000 | 00694nam a2200217 i 4500 | ||
|---|---|---|---|
| 001 | 128942 | ||
| 003 | ES-MaACL | ||
| 005 | 20250815115026.0 | ||
| 007 | t| | ||
| 008 | 070531s1905 sp ||||1| spa d | ||
| 080 | _a636.09:615 | ||
| 100 | 1 |
_aTéllez y López, Juan. _9109647 |
|
| 245 | 1 | 0 |
_aManual de terapéutica general / _cpor Juan Téllez y López. |
| 260 |
_aMadrid : _bBailly-Baillière e hijos, _c1905. |
||
| 300 |
_a292 p. ; _c18 cm. |
||
| 490 | 1 |
_aBiblioteca económica de veterinaria ; _v10 |
|
| 650 | 7 |
_aTerapéutica veterinaria _2embne _917482 |
|
| 830 | 1 |
_aBiblioteca económica de veterinaria ; _v10 _9186755 |
|
| 852 |
_aES-MaACL _jG-14290 |
||
| 999 |
_c128942 _d128942 |
||